Structure of political Geography (Record no. 413591)

000 -LEADER
fixed length control field 00459cam a22001457a 4500
008 - FIXED-LENGTH DATA ELEMENTS--GENERAL INFORMATION
fixed length control field 180718b1969 xxu||||| |||| 00| 0 eng d
020 ## - INTERNATIONAL STANDARD BOOK NUMBER
International Standard Book Number 340 11795 8
082 ## - DEWEY DECIMAL CLASSIFICATION NUMBER
Classification number A7 K153
245 ## - TITLE STATEMENT
Title Structure of political Geography
Statement of responsibility, etc. edited by Roger E. Kaspereson and Julian V. Minghi
260 ## - PUBLICATION, DISTRIBUTION, ETC.
Place of publication, distribution, etc. London
Name of publisher, distributor, etc. University Of London Press
Date of publication, distribution, etc. 1969
300 ## - PHYSICAL DESCRIPTION
Extent xii, 527p
650 ## - SUBJECT ADDED ENTRY--TOPICAL TERM
Topical term or geographic name entry element Political geography.
700 ## - ADDED ENTRY--PERSONAL NAME
Personal name Minghi, Julian V. ed
700 ## - ADDED ENTRY--PERSONAL NAME
Personal name Kaspereson, Roger E. ed
Holdings
Withdrawn status Lost status Damaged status Not for loan Permanent Location Current Location Date acquired Full call number Barcode Date last seen Price effective from Koha item type
        Indian Institute of Public Administration Indian Institute of Public Administration 2009-02-17 A7 K153 45617 2018-07-21 2018-07-21 Book

Powered by Koha